| 000 | 00410nam a2200169Ia 4500 | ||
|---|---|---|---|
| 003 | GCL | ||
| 008 | 140319s9999 xx 000 0 eng d | ||
| 040 |
_aGCL / _cGCL |
||
| 082 | 0 | 4 |
_a746.0439 _bS B |
| 100 | 1 | _aSCOTT, PHILIPPA | |
| 245 | 1 | 0 |
_aTHE BOOK OF SILK / _cSCOTT, PHILIPPA |
| 260 |
_a[S.N] : _bTHAMES AND HUDSON ، _c1993 |
||
| 300 | _a256 | ||
| 650 | 0 | 4 | _aTEXTILE |
| 650 | 0 | 4 | _aSILK |
| 942 |
_2ddc _cBK |
||
| 999 |
_c24666 _d24666 |
||